Estadísticas para Personajes de Breaking Bad

Haz click aquí para intentar la prueba.

Estadísticas generales

  • Esta prueba ha sido intentada 82 veces
  • La puntuación promedio es 10 de 16

Estadísticas de respuestas

Respuesta% Correcto
Walter White
98%
Saul Goodman
97%
Jesse Pinkman
94%
Gus Fring
86%
Hank Schrader
77%
Skyler White
72%
Walter White Jr.
71%
Hector Salamanca
69%
Tuco Salamanca
68%
Mike Ehrmantraut
57%
Marie Schrader
49%
Jane Margolis
46%
Todd Alquist
46%
Ted Beneke
35%
Lydia Rodarte-Quayle
28%
Jack Welker
20%

Distribución de puntuación

Porcentaje por número respondido

Porcentaje de gente con cada puntuación

Historial de tus puntuaciones

No has intentado esta prueba.